000 00305npm a2200133 4500
003 OSt
005 20260122184125.0
008 260122b |||||||| |||| 00| 0 fre d
040 _cautismepaimpol.fr
245 _aDomino Les Animaux
260 _bNATHAN
520 _aUn jeu de domino classique
942 _cMATP
999 _c263
_d263